000 00244nam a2200097Ia 4500
001 806890
005 20250826171220.0
008 250824s9999 xx 000 0 und d
245 0 _aBİR AKLIN SAVAŞI
_cKAZUAKI TAKANO
260 _bPORTAKAL YAYINLARI
999 _c806890
_d806890